[Event "MCRE_PF07"]
[Site "?"]
[Date "2002.??.??"]
[Round "?"]
[White "Hlavica, Bretislav"]
[Black "Kohler, Josef"]
[Result "0-1"]
[WhiteElo "2165"]
[BlackElo "2150"]
[PlyCount "80"]
[EventDate "2002.??.??"]
[EventType "corr"]
[EventRounds "2"]

1. d4 Nf6 2. c4 e6 3. Nf3 d5 4. Bg5 c6 5. e3 Be7 6. Nc3 Nbd7 7. Qc2 O-O 8. Bd3
dxc4 9. Bxc4 Nd5 10. Bxe7 Qxe7 11. O-O Nxc3 12. Qxc3 b6 13. Rac1 Bb7 14. a3 c5
15. Be2 Rac8 16. Rfd1 Rfd8 17. dxc5 Rxc5 18. Qd2 Rxc1 19. Qxc1 Nf6 20. Rxd8+
Qxd8 21. b4 h6 22. b5 Ne4 23. h3 Bd5 24. Qb2 Qc7 25. Bf1 f6 26. Nd2 Qc3 27.
Qxc3 Nxc3 28. f4 Kf7 29. Bd3 e5 30. fxe5 fxe5 31. e4 Be6 32. Nb1 Nxb1 33. Bxb1
Bc4 34. Kf2 Bxb5 35. Ba2+ Ke7 36. Ke3 Kd6 37. h4 Kc5 38. Bd5 Bc4 39. Bb7 Kb5
40. Kd2 Ka4 0-1

[Event "MCRE_PF07"]
[Site "?"]
[Date "2002.??.??"]
[Round "?"]
[White "Mikoska, Josef"]
[Black "Ksir, Bohumil"]
[Result "1-0"]
[WhiteElo "2140"]
[BlackElo "2175"]
[PlyCount "47"]
[EventDate "2002.??.??"]
[EventType "corr"]
[EventRounds "2"]

1. e4 c6 2. d4 d5 3. Nc3 dxe4 4. Nxe4 Nd7 5. Bc4 Ngf6 6. Ng5 e6 7. Ne2 h6 8.
Nf3 Bd6 9. Bf4 Nb6 10. Bb3 Nbd5 11. Bxd6 Qxd6 12. O-O O-O 13. c4 Ne7 14. Re1
Bd7 15. c5 Qc7 16. Ne5 Rad8 17. Ng3 Be8 18. Rc1 Ned5 19. Nc4 b6 20. Nd6 bxc5
21. dxc5 Nd7 22. Bxd5 Nxc5 23. Nxe8 Rfxe8 24. Rxc5 1-0

[Event "MCRE_PF07"]
[Site "?"]
[Date "2002.??.??"]
[Round "?"]
[White "Postl, Rostislav"]
[Black "Mikoska, Josef"]
[Result "1-0"]
[WhiteElo "2175"]
[BlackElo "2140"]
[PlyCount "73"]
[EventDate "2002.??.??"]
[EventType "corr"]
[EventRounds "2"]

1. e4 e5 2. Nf3 Nc6 3. Bb5 a6 4. Ba4 Nf6 5. O-O Bc5 6. c3 Ba7 7. d4 Nxe4 8. Re1
f5 9. Nbd2 O-O 10. Nxe4 fxe4 11. Rxe4 d6 12. Bg5 Qe8 13. dxe5 Bf5 14. Re1 Qg6
15. exd6 cxd6 16. Be3 Bg4 17. Bb3+ Kh8 18. Bd5 Rae8 19. Bxa7 Rxe1+ 20. Qxe1
Bxf3 21. Bxf3 Rxf3 22. Be3 Ne5 23. Qb1 Rf5 24. Qe4 d5 25. Qb4 b5 26. a4 Nc6 27.
Qb3 b4 28. cxb4 d4 29. Bd2 Rf8 30. Re1 d3 31. Re3 Rd8 32. Kf1 Qd6 33. Qf7 Ne5
34. Qf4 Re8 35. Qf5 Qb8 36. Bc3 d2 37. Bxd2 1-0

[Event "MCRE_PF07"]
[Site "?"]
[Date "2002.??.??"]
[Round "?"]
[White "Mikoska, Josef"]
[Black "Nigrin, Jiri"]
[Result "1-0"]
[WhiteElo "2140"]
[BlackElo "2110"]
[PlyCount "69"]
[EventDate "2002.??.??"]
[EventType "corr"]
[EventRounds "2"]

1. e4 c5 2. Nf3 Nc6 3. d4 cxd4 4. Nxd4 e5 5. Nb5 a6 6. Nd6+ Bxd6 7. Qxd6 Qf6 8.
Qd1 Qg6 9. Nc3 d5 10. Nxd5 Qxe4+ 11. Be3 Rb8 12. f3 Qh4+ 13. g3 Qd8 14. Bb6 Qd7
15. Nc7+ Kf8 16. Bc5+ Nge7 17. Qxd7 Bxd7 18. O-O-O Be8 19. Bh3 f6 20. f4 exf4
21. gxf4 b6 22. Bd6 Bh5 23. Rde1 Kf7 24. Be6+ Kg6 25. f5+ Kh6 26. Bf4+ g5 27.
fxg6+ Kg7 28. Bc4 hxg6 29. Ne6+ Kh7 30. Bxb8 Rxb8 31. Rhf1 b5 32. Bd3 Ng8 33.
Nf4 Ne5 34. Rxe5 fxe5 35. Nxh5 1-0

[Event "MCRE_PF07"]
[Site "?"]
[Date "2002.??.??"]
[Round "?"]
[White "Postl, Rostislav"]
[Black "Firla, Stanislav"]
[Result "0-1"]
[WhiteElo "2175"]
[BlackElo "2260"]
[PlyCount "100"]
[EventDate "2002.??.??"]
[EventType "corr"]
[EventRounds "2"]

1. e4 c6 2. d4 d5 3. Nd2 dxe4 4. Nxe4 Nd7 5. Bc4 Ngf6 6. Ng5 e6 7. Qe2 Nb6 8.
Bb3 c5 9. dxc5 Bxc5 10. N1f3 O-O 11. Bd2 a5 12. a3 a4 13. Ba2 h6 14. Nh3 Nbd5
15. c4 Ne7 16. O-O-O Qb6 17. Bc3 Ng4 18. Rd2 Nc6 19. Bb1 e5 20. Be4 Re8 21. Re1
Nf6 22. Bxc6 Qxc6 23. Nxe5 Qxg2 24. Nf4 Qxh2 25. Nfd3 Bb6 26. Rdd1 Qh5 27. Qd2
Qf5 28. Rg1 g5 29. Rde1 Rd8 30. Rh1 Qh7 31. Nc6 bxc6 32. Bxf6 Bf5 33. Bxd8 Rxd8
34. Qb4 Bc7 35. Qe7 f6 36. Qxh7+ Bxh7 37. Re7 Bb8 38. Rhe1 Bg6 39. R7e3 h5 40.
Nb4 Bf4 41. Nxc6 Rd7 42. Nb4 Rc7 43. Kd1 Bxe3 44. Rxe3 Rxc4 45. Ke2 h4 46. b3
axb3 47. Rxb3 Rc1 48. Nd5 Kf7 49. Kd2 Ra1 50. Rh3 Bf5 0-1

[Event "MCRE_PF07"]
[Site "?"]
[Date "2002.??.??"]
[Round "?"]
[White "Ksir, Bohumil"]
[Black "Mikoska, Josef"]
[Result "1-0"]
[WhiteElo "2175"]
[BlackElo "2140"]
[PlyCount "67"]
[EventDate "2002.??.??"]
[EventType "corr"]
[EventRounds "2"]

1. e4 e5 2. Nf3 Nc6 3. d4 exd4 4. Nxd4 Qh4 5. Nb5 Qxe4+ 6. Be2 Bb4+ 7. Bd2 Kd8
8. O-O Nge7 9. Re1 Bxd2 10. Nxd2 Qf4 11. Nf3 d6 12. Qd3 Ng6 13. Rad1 a6 14.
Nbd4 Nce5 15. Qb3 Re8 16. Qd5 Rb8 17. Nxe5 Rxe5 18. Qb3 Bd7 19. Nf3 Re4 20. g3
Qf5 21. Rd5 Qf6 22. Ng5 Re8 23. Nxh7 Qe7 24. Rd3 Ne5 25. Re3 Be6 26. c4 g5 27.
Nxg5 Qxg5 28. f4 Qg7 29. fxe5 dxe5 30. Bh5 Bd7 31. Qc3 Rh8 32. Rxe5 f6 33. Rd5
c6 34. Rxd7+ 1-0

[Event "MCRE_PF07"]
[Site "?"]
[Date "2002.??.??"]
[Round "?"]
[White "Hlavica, Bretislav"]
[Black "Mikoska, Josef"]
[Result "1-0"]
[WhiteElo "2165"]
[BlackElo "2140"]
[PlyCount "67"]
[EventDate "2002.??.??"]
[EventType "corr"]
[EventRounds "2"]

1. d4 g6 2. c4 Bg7 3. Nc3 f5 4. Nf3 Nf6 5. g3 O-O 6. Bg2 d6 7. O-O Qe8 8. d5
Na6 9. Nd4 Bd7 10. Rb1 c6 11. dxc6 bxc6 12. b4 Rb8 13. b5 cxb5 14. cxb5 Nc5 15.
Nc6 Bxc6 16. Bxc6 Qf7 17. Nd5 Rfd8 18. Nxf6+ Bxf6 19. Be3 e6 20. Qc2 Rbc8 21.
Bxc5 dxc5 22. Qxc5 Rd2 23. e3 Rcd8 24. a4 Qc7 25. b6 axb6 26. Rxb6 R2d5 27. Qb4
R5d6 28. Rc1 Rd2 29. a5 Rb2 30. Qc5 Rc8 31. Rxb2 Bxb2 32. Rc2 Bg7 33. a6 Rd8
34. Bf3 1-0

[Event "MCRE_PF07"]
[Site "?"]
[Date "2002.??.??"]
[Round "?"]
[White "Firla, Stanislav"]
[Black "Nigrin, Jiri"]
[Result "1-0"]
[WhiteElo "2260"]
[BlackElo "2110"]
[PlyCount "103"]
[EventDate "2002.??.??"]
[EventType "corr"]
[EventRounds "2"]

1. e4 c5 2. Nf3 Nc6 3. d4 cxd4 4. Nxd4 e5 5. Nb5 a6 6. Nd6+ Bxd6 7. Qxd6 Qf6 8.
Qd1 Qg6 9. Nc3 Nge7 10. h4 h5 11. Bg5 d5 12. exd5 Nb4 13. Bxe7 Kxe7 14. Bd3
Nxd3+ 15. Qxd3 Qxd3 16. cxd3 b5 17. O-O Kd6 18. f4 exf4 19. Rxf4 f5 20. a4 Bd7
21. axb5 axb5 22. Rxa8 Rxa8 23. Kf2 Ra1 24. g3 g6 25. Ke3 Rg1 26. Ne2 Rb1 27.
Rb4 Kc5 28. Rb3 b4 29. d6 Re1 30. Kd2 Ra1 31. d4+ Kc4 32. Re3 Ra6 33. b3+ Kd5
34. Re7 Rxd6 35. Ke3 Re6+ 36. Rxe6 Bxe6 37. Nf4+ Kd6 38. Nd3 Bxb3 39. Nxb4 Ke6
40. Kf4 Kf6 41. d5 Bc4 42. d6 Ke6 43. Nc6 Kxd6 44. Ne5 Be2 45. Nxg6 Bg4 46. Nf8
Kd5 47. Nh7 Kd4 48. Nf6 Kd3 49. Nd5 Ke2 50. Ne3 Kf2 51. Nxf5 Be2 52. Ne3 1-0

[Event "MCRE_PF07"]
[Site "?"]
[Date "2002.??.??"]
[Round "?"]
[White "Nigrin, Jiri"]
[Black "Kohler, Josef"]
[Result "1-0"]
[WhiteElo "2110"]
[BlackElo "2150"]
[PlyCount "123"]
[EventDate "2002.??.??"]
[EventType "corr"]
[EventRounds "2"]

1. e4 c5 2. f4 d5 3. exd5 Nf6 4. Nc3 Nxd5 5. Nf3 Nxf4 6. d4 Nd5 7. Bc4 Nxc3 8.
bxc3 e6 9. O-O Nd7 10. d5 Nb6 11. dxe6 fxe6 12. Qxd8+ Kxd8 13. Ng5 Nxc4 14.
Nf7+ Ke8 15. Nxh8 b5 16. Bg5 Bb7 17. a4 bxa4 18. Rxa4 Bd5 19. Ra6 Ne5 20. Rfa1
c4 21. Be3 Nc6 22. Rf1 Rb8 23. Rf7 Ne5 24. Rfxa7 Rb1+ 25. Kf2 Ng4+ 26. Ke2 Nxe3
27. Rc7 Nxg2 28. Rc8+ Kd7 29. Rxf8 e5 30. Ra7+ Ke6 31. Rxg7 Rb2 32. Kd1 Rb7 33.
Rxb7 Bxb7 34. Rf7 Be4 35. Kd2 h5 36. Rc7 Bd5 37. Nf7 Nh4 38. Nd8+ Kf6 39. Rh7
Kg5 40. Ke2 Nf5 41. Rd7 Be4 42. Rc7 Bd5 43. Nc6 Kf4 44. Ne7 Nxe7 45. Rxe7 Be4
46. Rc7 Bd5 47. Kf2 Be6 48. Rc6 Bd5 49. Rh6 Kg4 50. Rg6+ Kf4 51. Rh6 Kg4 52.
Rh8 Bf7 53. Ke3 Bd5 54. Re8 Kf5 55. Rf8+ Kg4 56. Rd8 Bg2 57. Rc8 Kh3 58. Rxc4
h4 59. Ra4 Bh1 60. c4 Kxh2 61. c5 h3 62. Ra6 1-0

[Event "MCRE_PF07"]
[Site "?"]
[Date "2002.??.??"]
[Round "?"]
[White "Postl, Rostislav"]
[Black "Ksir, Bohumil"]
[Result "1/2-1/2"]
[WhiteElo "2175"]
[BlackElo "2175"]
[PlyCount "69"]
[EventDate "2002.??.??"]
[EventType "corr"]
[EventRounds "2"]

1. e4 c6 2. d4 d5 3. e5 Bf5 4. Nf3 e6 5. Be2 Ne7 6. O-O Nd7 7. Nh4 c5 8. c3 Bg6
9. Nd2 Rc8 10. Nxg6 Nxg6 11. Nf3 cxd4 12. cxd4 Bb4 13. Be3 O-O 14. Qa4 Ba5 15.
Rac1 Bb6 16. Bb5 Rxc1 17. Rxc1 Nb8 18. Bg5 f6 19. exf6 gxf6 20. Bd2 Rf7 21. Qb3
Ne7 22. Re1 Qc8 23. Bd3 Nbc6 24. Bc3 Ng6 25. Kh1 Re7 26. Qd1 Rg7 27. Qd2 Qd7
28. b4 Nd8 29. g3 a6 30. Qb2 Qa4 31. a3 Rc7 32. Bd2 Ba7 33. h4 Qd7 34. Kg2 b6
35. h5 1/2-1/2

[Event "MCRE_PF07"]
[Site "?"]
[Date "2002.??.??"]
[Round "?"]
[White "Postl, Rostislav"]
[Black "Hlavica, Bretislav"]
[Result "1/2-1/2"]
[WhiteElo "2175"]
[BlackElo "2165"]
[PlyCount "85"]
[EventDate "2002.??.??"]
[EventType "corr"]
[EventRounds "2"]

1. e4 g6 2. d4 Bg7 3. Nc3 d6 4. Be3 Nf6 5. Be2 O-O 6. Nf3 c6 7. O-O Nbd7 8. a4
e5 9. dxe5 Nxe5 10. Nxe5 dxe5 11. Qxd8 Rxd8 12. Rfd1 Rxd1+ 13. Rxd1 Be6 14. a5
Bf8 15. f3 b5 16. axb6 axb6 17. Bxb6 Rb8 18. Na4 Nd7 19. Bc7 Ra8 20. b3 h5 21.
Bd6 Ra7 22. Kf2 Bxd6 23. Rxd6 Rc7 24. b4 Kf8 25. c4 Ke7 26. Rd1 Ra7 27. Nc3 Ra3
28. Rc1 h4 29. b5 cxb5 30. cxb5 Nb6 31. g3 g5 32. Nd1 Bd7 33. gxh4 gxh4 34. Rc7
Kd6 35. Rc2 Rb3 36. Ne3 Rb1 37. Ng2 Rh1 38. Nxh4 Rxh2+ 39. Ng2 f6 40. Kg1 Rh8
41. Ne3 Rc8 42. Rd2+ Ke7 43. Kf2 1/2-1/2

[Event "MCRE_PF07"]
[Site "?"]
[Date "2002.??.??"]
[Round "?"]
[White "Hlavica, Bretislav"]
[Black "Postl, Rostislav"]
[Result "1/2-1/2"]
[WhiteElo "2165"]
[BlackElo "2175"]
[PlyCount "86"]
[EventDate "2002.??.??"]
[EventType "corr"]
[EventRounds "2"]

1. d4 d5 2. c4 dxc4 3. Nf3 Nf6 4. e3 e6 5. Bxc4 c5 6. O-O a6 7. a4 Nc6 8. Qe2
cxd4 9. Rd1 Be7 10. exd4 O-O 11. Nc3 Nb4 12. Ne5 Bd7 13. Bg5 Rc8 14. Rac1 Re8
15. Bb3 Nfd5 16. Bd2 Nf6 17. Ne4 Rxc1 18. Rxc1 Nc6 19. Nxf6+ Bxf6 20. Bc3 Qe7
21. Bc2 Rd8 22. Be4 Bg5 23. Ra1 Rc8 24. Nxd7 Qxd7 25. Qg4 Qe7 26. Qh3 f5 27.
Bf3 Bf6 28. d5 Ne5 29. Re1 Nd3 30. Rxe6 Nf4 31. Rxe7 Nxh3+ 32. gxh3 Bxe7 33. d6
Bxd6 34. Bxb7 Rc5 35. Bxa6 Be5 36. Bxe5 Rxe5 37. Kg2 Kf8 38. Kf3 Re4 39. b3 g5
40. Bc4 Rf4+ 41. Ke3 Ke7 42. a5 Kd6 43. a6 Kc6 1/2-1/2

[Event "MCRE_PF07"]
[Site "?"]
[Date "2002.??.??"]
[Round "?"]
[White "Firla, Stanislav"]
[Black "Kohler, Josef"]
[Result "0-1"]
[WhiteElo "2500"]
[BlackElo "2150"]
[PlyCount "114"]
[EventDate "2002.??.??"]
[EventType "corr"]
[EventRounds "2"]

1. d4 Nf6 2. c4 e6 3. Nc3 Bb4 4. Qc2 O-O 5. a3 Bxc3+ 6. Qxc3 b6 7. Bg5 Bb7 8.
f3 h6 9. Bh4 d5 10. e3 Nbd7 11. cxd5 Nxd5 12. Bxd8 Nxc3 13. Bh4 Nd5 14. Bf2 c5
15. Bb5 N5f6 16. Ne2 a6 17. Ba4 b5 18. Bb3 e5 19. O-O exd4 20. exd4 c4 21. Bc2
Rfe8 22. Rfe1 Nf8 23. Nc3 Ne6 24. Ne4 Bxe4 25. fxe4 Ng4 26. Rad1 Rad8 27. d5
Nxf2 28. Kxf2 Nc5 29. Rd4 Re5 30. Re3 Kf8 31. h4 Ke7 32. Rf3 Rd7 33. g4 Kd6 34.
Ke3 Rde7 35. Rf4 f6 36. Rd1 Re8 37. Kd4 a5 38. Rg1 a4 39. g5 hxg5 40. hxg5 f5
41. Rxf5 Nb3+ 42. Kc3 Rxf5 43. exf5 Kc5 44. Bxb3 axb3 45. Kd2 Rf8 46. Rf1 Kxd5
47. f6 gxf6 48. Rf5+ Ke4 49. Rxf6 Rd8+ 50. Kc3 Rd3+ 51. Kb4 Rg3 52. g6 Kd3 53.
Kxb5 c3 54. bxc3 b2 55. Rf1 Kxc3 56. a4 Rg5+ 57. Kb6 Kb4 0-1

[Event "MCRE_PF07"]
[Site "?"]
[Date "2002.??.??"]
[Round "?"]
[White "Kohler, Josef"]
[Black "Ksir, Bohumil"]
[Result "1-0"]
[WhiteElo "2150"]
[BlackElo "2175"]
[PlyCount "75"]
[EventDate "2002.??.??"]
[EventType "corr"]
[EventRounds "2"]

1. c4 Nf6 2. Nc3 e6 3. d4 Bb4 4. e3 c5 5. Bd3 Nc6 6. Nf3 d5 7. O-O O-O 8. a3
Bxc3 9. bxc3 dxc4 10. Bxc4 Qc7 11. Bd3 e5 12. Qc2 Re8 13. dxe5 Nxe5 14. Nxe5
Qxe5 15. f3 Bd7 16. a4 Rad8 17. e4 c4 18. Be2 Qc5+ 19. Rf2 b6 20. Qa2 Be6 21.
Qa3 Nd7 22. a5 b5 23. a6 f6 24. Bf4 Qxa3 25. Rxa3 Nc5 26. Be3 Na4 27. Rf1 Ra8
28. Rb1 Bd7 29. Kf2 Rec8 30. g4 Nc5 31. h4 Rc7 32. Rd1 Rd8 33. g5 Ne6 34. gxf6
gxf6 35. Ra2 Kf8 36. Rad2 Ke8 37. f4 Kf7 38. f5 1-0

[Event "MCRE_PF07"]
[Site "?"]
[Date "2002.??.??"]
[Round "?"]
[White "Hlavica, Bretislav"]
[Black "Nigrin, Jiri"]
[Result "1/2-1/2"]
[WhiteElo "2165"]
[BlackElo "2110"]
[PlyCount "125"]
[EventDate "2002.??.??"]
[EventType "corr"]
[EventRounds "2"]

1. d4 Nf6 2. c4 c5 3. d5 e6 4. Nc3 exd5 5. cxd5 d6 6. e4 g6 7. f4 Bg7 8. Bb5+
Nfd7 9. a4 O-O 10. Nf3 Na6 11. O-O Nc7 12. Bc4 Re8 13. Re1 a6 14. Bd2 Rb8 15.
e5 Nb6 16. Ba2 Bg4 17. h3 Bxf3 18. Qxf3 dxe5 19. Rad1 Qd7 20. a5 Na4 21. d6 Ne6
22. fxe5 Nxb2 23. Rb1 Nd4 24. Qf1 Rxe5 25. Rxe5 Bxe5 26. Rxb2 Nf5 27. Qf3 Qxd6
28. g4 Bd4+ 29. Kf1 Qg3 30. Qxg3 Nxg3+ 31. Ke1 Ne4 32. Rc2 Nxd2 33. Kxd2 Rd8
34. Ne4 h6 35. Kc1 Be3+ 36. Kb2 b6 37. axb6 Rb8 38. Nf6+ Kg7 39. Nd5 Bd4+ 40.
Ka3 c4 41. Bxc4 Bc5+ 42. Ka4 Bxb6 43. Rb2 Bc7 44. Rxb8 Bxb8 45. Bd3 Bg3 46. Ka5
h5 47. gxh5 gxh5 48. Kxa6 h4 49. Kb5 Kh6 50. Kc6 Kg5 51. Ne7 f6 52. Kd5 Be5 53.
Bf5 Bc3 54. Ke6 Bd4 55. Ng6 Bc5 56. Nh8 Bd4 57. Nf7+ Kf4 58. Nd6 Be5 59. Ne4
Bd4 60. Nxf6 Kg5 61. Nd7 Kh6 62. Kf7 Kg5 63. Bg4 1/2-1/2

[Event "MCRE_PF07"]
[Site "?"]
[Date "2002.??.??"]
[Round "?"]
[White "Hlavica, Bretislav"]
[Black "Ksir, Bohumil"]
[Result "0-1"]
[WhiteElo "2150"]
[BlackElo "2175"]
[PlyCount "84"]
[EventDate "2002.??.??"]
[EventType "corr"]
[EventRounds "2"]

1. d4 Nf6 2. c4 g6 3. Nc3 d5 4. cxd5 Nxd5 5. e4 Nxc3 6. bxc3 Bg7 7. Bc4 c5 8.
Ne2 Nc6 9. Be3 O-O 10. O-O Qc7 11. Rc1 Na5 12. Bd3 b6 13. Qd2 Rd8 14. Bh6 c4
15. Bc2 Qd6 16. Bxg7 Kxg7 17. f4 Rb8 18. Ng3 f6 19. Qe3 Bb7 20. e5 Qc6 21. Be4
Qe8 22. f5 g5 23. Nh5+ Qxh5 24. Rce1 Bxe4 25. Qxe4 Rbc8 26. Rf3 h6 27. Rh3 Qf7
28. Rg3 Qd5 29. Qg4 Qf7 30. h4 Rh8 31. exf6+ exf6 32. Re6 Rhe8 33. d5 Rcd8 34.
Qd4 Nc6 35. Rxc6 Rxd5 36. Qxc4 b5 37. Qb3 Qd7 38. Re6 Rxe6 39. fxe6 Qxe6 40.
hxg5 hxg5 41. Qc2 Qe1+ 42. Kh2 Qe5 0-1

[Event "MCRE_PF07"]
[Site "?"]
[Date "2002.??.??"]
[Round "?"]
[White "Firla, Stanislav"]
[Black "Hlavica, Bretislav"]
[Result "1-0"]
[WhiteElo "2260"]
[BlackElo "2165"]
[PlyCount "87"]
[EventDate "2002.??.??"]
[EventType "corr"]
[EventRounds "2"]

1. c4 Nf6 2. Nc3 g6 3. e4 d6 4. g3 c5 5. Bg2 Nc6 6. Nge2 Bg7 7. O-O O-O 8. a3
Qc7 9. Rb1 b6 10. b4 Bb7 11. d3 cxb4 12. axb4 a5 13. bxa5 bxa5 14. Nb5 Qd7 15.
Bd2 Rfb8 16. f4 Qd8 17. d4 Nb4 18. e5 Bxg2 19. Kxg2 Nfd5 20. Qb3 Qd7 21. Qf3
Nb6 22. Na3 d5 23. c5 Nc8 24. Bxb4 Rxb4 25. Rxb4 axb4 26. Nc2 Qb5 27. Kf2 Na7
28. Ra1 Qb7 29. Qb3 Nc6 30. Rxa8+ Qxa8 31. Nc1 e6 32. Nd3 Qa6 33. Ndxb4 Nxb4
34. Nxb4 Qa1 35. Nc2 Qa5 36. c6 Bf8 37. Ne3 Be7 38. Qb8+ Bd8 39. g4 Kg7 40. Kf3
Bh4 41. Qb2 Bd8 42. f5 Bb6 43. h4 Qa7 44. Qb4 1-0

[Event "MCRE_PF07"]
[Site "?"]
[Date "2002.??.??"]
[Round "?"]
[White "Kohler, Josef"]
[Black "Hlavica, Bretislav"]
[Result "1/2-1/2"]
[WhiteElo "2150"]
[BlackElo "2165"]
[PlyCount "98"]
[EventDate "2002.??.??"]
[EventType "corr"]
[EventRounds "2"]

1. c4 Nf6 2. Nc3 g6 3. e4 d6 4. d4 Bg7 5. Nf3 O-O 6. Be2 Nbd7 7. O-O e5 8. Be3
exd4 9. Nxd4 Re8 10. f3 c6 11. Qd2 d5 12. exd5 cxd5 13. Ndb5 dxc4 14. Rfe1 b6
15. Nd6 Rf8 16. Rad1 Ba6 17. Qc2 Qc7 18. Ncb5 Bxb5 19. Nxb5 Qb8 20. f4 a6 21.
Nd6 c3 22. Bf3 Ra7 23. Qxc3 Nd5 24. Qd2 Nxe3 25. Rxe3 b5 26. b3 Nf6 27. Rd3 Rd7
28. Kh1 Qb6 29. Nc8 Rxc8 30. Rxd7 Nxd7 31. Qxd7 Rf8 32. a4 bxa4 33. bxa4 Qe3
34. Qc7 Re8 35. Qc1 Bh6 36. Qxe3 Rxe3 37. Kg1 Bxf4 38. Rd8+ Kg7 39. Ra8 Re1+
40. Kf2 Re6 41. Bb7 Bxh2 42. Bxa6 Bc7 43. Bc4 Re5 44. Bb3 h5 45. Kf1 Re3 46.
Bd1 Bg3 47. Be2 h4 48. a5 Ra3 49. Bc4 Rc3 1/2-1/2

[Event "MCRE_PF07"]
[Site "?"]
[Date "2002.??.??"]
[Round "?"]
[White "Mikoska, Josef"]
[Black "Hlavica, Bretislav"]
[Result "0-1"]
[WhiteElo "2140"]
[BlackElo "2165"]
[PlyCount "114"]
[EventDate "2002.??.??"]
[EventType "corr"]
[EventRounds "2"]

1. e4 g6 2. d4 Bg7 3. Nf3 d6 4. Nc3 Nf6 5. Bf4 O-O 6. Bd3 Nbd7 7. O-O c5 8. d5
Ng4 9. Qd2 Nge5 10. Nxe5 Nxe5 11. Be2 a6 12. a3 f5 13. Be3 b5 14. exf5 Bxf5 15.
Rfe1 Qc7 16. Bf4 Rae8 17. h3 Rf7 18. Be3 Ref8 19. Rac1 Qb7 20. Rcd1 Nc4 21.
Bxc4 bxc4 22. Rb1 Re8 23. g4 Bd7 24. Ne4 a5 25. Red1 Qa6 26. Bh6 Bd4 27. c3 Bg7
28. Bxg7 Kxg7 29. Re1 Qb7 30. Ng5 Rff8 31. Re3 h6 32. Ne6+ Bxe6 33. Rxe6 Rf6
34. Rbe1 Rxe6 35. Rxe6 Rf8 36. Qc2 Rf6 37. Qe4 Rxe6 38. Qxe6 h5 39. g5 h4 40.
a4 Kf8 41. Qxg6 Qxb2 42. Qh6+ Ke8 43. Qh5+ Kd8 44. Qxh4 Qc2 45. Kg2 Qxc3 46.
Qe4 Qg7 47. f4 Qb2+ 48. Kf3 c3 49. g6 c2 50. g7 Qc3+ 51. Kf2 Qxg7 52. Qxc2 Qd4+
53. Kg3 c4 54. Qf5 Qd3+ 55. Kg4 c3 56. Qf8+ Kd7 57. Qb8 Qc4 0-1

[Event "MCRE_PF07"]
[Site "?"]
[Date "2002.??.??"]
[Round "?"]
[White "Ksir, Bohumil"]
[Black "Kohler, Josef"]
[Result "1/2-1/2"]
[WhiteElo "2175"]
[BlackElo "2150"]
[PlyCount "98"]
[EventDate "2002.??.??"]
[EventType "corr"]
[EventRounds "2"]

1. e4 c5 2. Nf3 Nc6 3. d4 cxd4 4. Nxd4 Nf6 5. Nc3 d6 6. Bg5 e6 7. Qd2 a6 8.
O-O-O h6 9. Bf4 Bd7 10. Nxc6 Bxc6 11. f3 d5 12. Qe1 Bb4 13. a3 Ba5 14. exd5
Nxd5 15. b4 Nxf4 16. Rxd8+ Bxd8 17. h4 O-O 18. Qe3 Bc7 19. Kb1 Rfd8 20. h5 Re8
21. g4 Nd5 22. Nxd5 exd5 23. Qf2 Bf4 24. Bd3 Be3 25. Qg3 d4 26. Rf1 Rad8 27. f4
f6 28. Bg6 Re7 29. Qh3 Bd5 30. Qg3 Kh8 31. Rd1 Bc4 32. Qh2 b5 33. Qg3 Be2 34.
Rh1 Bd2 35. Qf2 Re3 36. Bd3 Bf3 37. Rf1 Bc3 38. Qxf3 Rxf3 39. Rxf3 Kg8 40. Ka2
Re8 41. Kb3 Kf8 42. Rf1 Ke7 43. Rf2 Kd6 44. Re2 Rxe2 45. Bxe2 Kc6 46. a4 f5 47.
Bf3+ Kc7 48. gxf5 Bd2 49. Be4 Kb6 1/2-1/2

[Event "MCRE_PF07"]
[Site "?"]
[Date "2002.??.??"]
[Round "?"]
[White "Mikoska, Josef"]
[Black "Kohler, Josef"]
[Result "1/2-1/2"]
[WhiteElo "2100"]
[BlackElo "2100"]
[PlyCount "156"]
[EventDate "2002.??.??"]
[EventType "corr"]
[EventRounds "2"]

1. e4 c5 2. Nf3 d6 3. d4 cxd4 4. Nxd4 Nf6 5. Nc3 a6 6. f4 e6 7. Be2 Be7 8. Be3
Nc6 9. O-O O-O 10. Qe1 Qc7 11. Rd1 Bd7 12. Qg3 b5 13. a3 Nxd4 14. Bxd4 Bc6 15.
Rd2 Rad8 16. Rfd1 Qb7 17. Bd3 Kh8 18. b4 Rg8 19. Qf3 Rge8 20. Rf2 Rd7 21. Kh1
Bd8 22. Rfd2 e5 23. fxe5 dxe5 24. Bf2 Bb6 25. Bxb6 Qxb6 26. Ne2 Red8 27. Ng3
Qc7 28. Re2 Rd4 29. Rde1 Bd7 30. Nf5 Bxf5 31. Qxf5 Qc3 32. Re3 Qxa3 33. Bxb5
Qxb4 34. c3 Qa5 35. cxd4 exd4 36. R3e2 axb5 37. Rf1 d3 38. Ree1 d2 39. Rd1 Qc3
40. e5 Rd5 41. Qf4 Rxe5 42. Rxd2 h6 43. Rd8+ Kh7 44. Rf8 Kg6 45. Rh8 Rg5 46.
Rd8 Kh7 47. Rdd1 Qc2 48. Rd2 Qb3 49. Re1 Qc3 50. Rde2 b4 51. Re7 Qc2 52. R7e2
Qc5 53. Qf3 Rf5 54. Qh3 Qd5 55. Ra1 Ne4 56. Qe3 Nc3 57. Ree1 f6 58. Rac1 Re5
59. Qf2 Rxe1+ 60. Qxe1 f5 61. Qe3 Qc4 62. Qd2 Qc5 63. Qd3 h5 64. Qf3 g6 65.
Qb7+ Kh6 66. Qb8 Qe7 67. Qh8+ Kg5 68. Qd4 h4 69. Rf1 h3 70. Qf4+ Kh5 71. Qf3+
Kh6 72. Qxh3+ Kg7 73. Ra1 Nd5 74. Qg3 f4 75. Qd3 Qe5 76. Rd1 Ne3 77. Rb1 Nd5
78. Qb5 Qd4 1/2-1/2

[Event "MCRE_PF07"]
[Site "?"]
[Date "2002.??.??"]
[Round "?"]
[White "Nigrin, Jiri"]
[Black "Mikoska, Josef"]
[Result "0-1"]
[WhiteElo "2110"]
[BlackElo "2140"]
[PlyCount "100"]
[EventDate "2002.??.??"]
[EventType "corr"]
[EventRounds "2"]

1. d4 g6 2. c4 Nf6 3. Nc3 d5 4. cxd5 Nxd5 5. e4 Nxc3 6. bxc3 Bg7 7. Bc4 c5 8.
Ne2 O-O 9. O-O Nc6 10. Be3 Bg4 11. f3 Bd7 12. Rb1 cxd4 13. cxd4 Rc8 14. Qd2 a6
15. Rfd1 b5 16. Bb3 Na5 17. Bh6 Nc4 18. Qf4 e5 19. Qc1 Qb6 20. Bxg7 Kxg7 21.
Bxc4 Be6 22. Qb2 Bxc4 23. Kf1 exd4 24. Rxd4 f6 25. Rbd1 Rfd8 26. R4d2 b4 27.
Ke1 Rxd2 28. Qxd2 Bf7 29. Qb2 a5 30. Rd7 Rd8 31. Rxd8 Qxd8 32. a3 b3 33. Nd4 a4
34. Ke2 Bc4+ 35. Kf2 h5 36. g3 Qd6 37. Ke3 Kf7 38. Kf2 h4 39. f4 Ba6 40. Ke3
hxg3 41. hxg3 Qc5 42. Kd2 Bb7 43. e5 fxe5 44. fxe5 Qxe5 45. Qc3 Bd5 46. Kc1 g5
47. Kb2 Kg6 48. Qd3+ Qe4 49. Qd2 Qg2 50. Qxg2 Bxg2 0-1

[Event "MCRE_PF07"]
[Site "?"]
[Date "2002.??.??"]
[Round "?"]
[White "Nigrin, Jiri"]
[Black "Firla, Stanislav"]
[Result "0-1"]
[WhiteElo "2110"]
[BlackElo "2260"]
[PlyCount "120"]
[EventDate "2002.??.??"]
[EventType "corr"]
[EventRounds "2"]

1. d4 Nf6 2. c4 e6 3. Nf3 d5 4. Nc3 c6 5. Bg5 Nbd7 6. e3 Qa5 7. cxd5 Nxd5 8.
Qd2 Bb4 9. Rc1 O-O 10. e4 Nxc3 11. bxc3 Ba3 12. Rb1 f6 13. Bf4 e5 14. Be3 Nb6
15. Qc2 Bg4 16. Bd2 Rfe8 17. Qb3+ Kh8 18. h3 Be6 19. c4 Qa4 20. d5 Bd7 21. Bd3
Qxb3 22. Rxb3 Bd6 23. O-O Na4 24. Bb4 Bxb4 25. Rxb4 Nc5 26. Bc2 b6 27. Rd1 Red8
28. Nd2 Rac8 29. Kh2 Kg8 30. g3 Be8 31. Nf1 Bh5 32. g4 Bg6 33. f3 cxd5 34. cxd5
Ne6 35. Bd3 Nd4 36. Kg3 Rc3 37. Rc4 Ra3 38. Rd2 Be8 39. Rc7 Bb5 40. Bxb5 Nxb5
41. Rc1 Nd4 42. Nh2 Rd7 43. h4 Kf7 44. h5 g6 45. hxg6+ hxg6 46. g5 f5 47. Kg2
Ke7 48. Re1 Kd8 49. f4 Ne6 50. fxe5 Nxg5 51. exf5 gxf5 52. Red1 Ne4 53. Rc2
Rg7+ 54. Kh1 f4 55. Re1 Rc3 56. Rb2 Ng3+ 57. Kg2 f3+ 58. Nxf3 Nh5+ 59. Kf2 Nf4
60. Rb3 Rg2+ 0-1

[Event "MCRE_PF07"]
[Site "?"]
[Date "2002.??.??"]
[Round "?"]
[White "Hlavica, Bretislav"]
[Black "Firla, Stanislav"]
[Result "0-1"]
[WhiteElo "2165"]
[BlackElo "2280"]
[PlyCount "110"]
[EventDate "2002.??.??"]
[EventType "corr"]
[EventRounds "2"]

1. d4 Nf6 2. c4 g6 3. Nc3 Bg7 4. e4 d6 5. f3 O-O 6. Bg5 c5 7. d5 a6 8. a4 h6 9.
Be3 e6 10. Qd2 exd5 11. cxd5 Re8 12. Nge2 h5 13. Nc1 Nbd7 14. Be2 Nh7 15. O-O
Ne5 16. h3 b6 17. Bh6 f5 18. Bxg7 Kxg7 19. f4 Nf7 20. exf5 Bxf5 21. Bd3 Nh6 22.
N1e2 h4 23. Rae1 Nf6 24. Bc4 Bd7 25. Bd3 Nf5 26. Nc1 Ng3 27. Rxe8 Qxe8 28. Re1
Qf7 29. N1e2 Nf5 30. Kh2 Re8 31. Bxa6 Ne3 32. Bd3 Nfxd5 33. Be4 Bc6 34. Kg1 Nc4
35. Qc1 Nb4 36. Bxc6 Nxc6 37. Nb5 Qe6 38. b3 N4a5 39. Nc7 Qe3+ 40. Kf1 Re4 41.
Qa1+ Ne5 42. Nd5 Qd3 43. fxe5 Nxb3 44. Qc3 Nd2+ 45. Kg1 Qxd5 46. exd6+ Kf7 47.
a5 bxa5 48. Qxa5 Qxd6 49. Qa3 Kg7 50. Kh1 Kh7 51. Qc1 Nb3 52. Qb2 Qe6 53. Kh2
Re3 54. Rb1 Qd6+ 55. Kh1 Nd2 0-1